Loading...
| Fine Arts - Auditory Fine Arts | 4 | 5 | 0 | 1 | 110 | 29 | 73.67 | 6 | 7 |
| Literature - European Literature | 0 | 6 | 0 | 1 | 60 | 122 | 130.00 | 1 | 4 |
| Literature - World Literature | 0 | 5 | 0 | 0 | 50 | 91 | 100.00 | 0 | 4 |
| Literature - American Literature | 1 | 4 | 2 | 0 | 45 | 64 | 102.40 | 1 | 5 |
| Philosophy | 0 | 4 | 0 | 0 | 40 | 77 | 105.00 | 1 | 3 |
| Fine Arts - Other Fine Arts | 0 | 3 | 1 | 1 | 25 | 85 | 116.67 | 0 | 2 |
| Science - Other Science | 0 | 2 | 0 | 0 | 20 | 79 | 82.50 | 0 | 1 |
| Literature - British Literature | 0 | 3 | 3 | 0 | 15 | 95 | 102.33 | 0 | 3 |
| Science - Biology | 0 | 2 | 1 | 0 | 15 | 76 | 104.50 | 1 | 2 |
| Science - Physics | 0 | 2 | 1 | 0 | 15 | 67 | 74.50 | 0 | 1 |
| History - European History | 1 | 0 | 0 | 0 | 15 | 61 | 61.00 | 0 | 0 |
| Mythology | 1 | 0 | 0 | 0 | 15 | 40 | 40.00 | 0 | 1 |
| Fine Arts - Visual Fine Arts | 0 | 1 | 0 | 0 | 10 | 94 | 94.00 | 0 | 1 |
| History - American History | 0 | 1 | 0 | 0 | 10 | 109 | 109.00 | 0 | 1 |
| Religion | 0 | 2 | 2 | 0 | 10 | 91 | 107.50 | 1 | 2 |
| History - Other History | 0 | 1 | 1 | 0 | 5 | 108 | 108.00 | 0 | 0 |
| Social Science | 0 | 0 | 1 | 0 | -5 | 0.00 | 0 | 0 |